000
00269nam a2200109Ia 4500
008
190216s9999||||xx |||||||||||||| ||und||
100
_a
Gupta Rl & Radhaswami
245
0
_a
Advanced Corporate Accounting
260
_b
S Chand & Co
_c
1980
300
_a
850p
942
_c
BK
999
_c
4804
_d
4804